• 首页
  • 本馆介绍
  • 公告通知
  • 最新文献
  • 馆藏检索
  • 电子资源
  • 读者导购
  • 参考咨询
  • 我的图书馆
  • 登录
  • 详细信息显示
  • 放入我的书架
  • 预约/预借图书
  • 作者相关作品
  • 分类相关作品
  • 丛书相关作品
  • 出版社相关作品

书目信息

  • 表格格式
  • 工作单格式
  • 卡片格式
题名:
邓小平精神
    
 
作者: 王炳林 , 金钊 编著
分册:  
出版信息: 成都   四川人民出版社  2004
页数: 309页
开本: 24cm
丛书名: 纪念邓小平诞辰100周年书系
单 册:
中图分类: A765
科图分类:
主题词:
电子资源:
ISBN: 7-220-06635-X
000 01254nam0 2200337 450
000 01217nam0 2200325 450
000 01215nam0 2200337 450
000 01161nam0 2200313 450
000 01179nam0 2200301 450
000 01142nam0 2200289 45
001 TS2006024486
005 20061209171625.29
010    @a7-220-06635-X@dCNY32.00
100    @a20060829d2004 emky0chiy0110 ea
101 0  @achi
102    @aCN@b510000
105    @ay z 000yy
200 1  @a邓小平精神@Adeng xiao ping jing shen@e当代中华魂@EDang Dai Zhong Hua Hun@f王炳林,金钊编著@FWang Bing Lin, Jin Zhao Bian Zhu
210    @a成都@c四川人民出版社@d2004
215    @a309页@d24cm
225 2  @a纪念邓小平诞辰100周年书系
330    @a本书分为“坚信马列,始终不渝”、“人民至上,鞠躬尽瘁”、“解放思想,实事求是”、“三落三起,愈挫愈坚”等十个专题,弘扬了邓小平的精神。
410  0 @12001 @a纪念邓小平诞辰100周年书系
600  0 @a邓小平@f(1904~1997)@x人物研究
690    @aA765@v4
701  0 @a王炳林@Awang bing lin@f(1961~)@4编著
701  0 @a金钊@Ajin zhao@c(政治理论)@4编著
801  0 @aCN@b中图数据@c20061209
905    @a10447@dA765@e172
    
    邓小平精神:当代中华魂/王炳林,金钊编著.-成都:四川人民出版社,2004
    309页;24cm.-(纪念邓小平诞辰100周年书系)
    
    
    ISBN 7-220-06635-X:CNY32.00
    本书分为“坚信马列,始终不渝”、“人民至上,鞠躬尽瘁”、“解放思想,实事求是”、“三落三起,愈挫愈坚”等十个专题,弘扬了邓小平的精神。
●
相关链接 在E读中查询图书 在五车中查询图书 在当当中查询图书 在豆瓣中查询图书


正题名:邓小平精神     索取号:A765/172         预约/预借

序号 登录号 条形码 馆藏地/架位号 状态 备注
1 0615305   206153053   第一样本阅览室/ [索取号:A765/172] 在馆    
2 0615306   206153062   第一借阅区/ [索取号:A765/172] 在馆    
3 0615307   206153071   第一借阅区/ [索取号:A765/172] 在馆    
4 0615308   206153080   第一借阅区/ [索取号:A765/172] 在馆    
5 0615309   206153099   第一借阅区/ [索取号:A765/172] 在馆    
唐山师范学院图书馆 欢迎您!
大连网信软件有限公司© 版权所有